Một số phản ứng trong hoá học vô cơ
Nội dung tài liệu trình bày sự biến đổi năng lượng của các quá trình hoá học, chiều của các phản ứng hoá học, tốc độ phản ứng hoá học và giới thiệu các loại phản ứng chính trong hoá vô cơ, phản ứng kết tủa, phản ứng axit - bazơ và pha...
Gardado en:
| Autor Principal: | |
|---|---|
| Formato: | Libro |
| Idioma: | Vietnamese |
| Publicado: |
H.
Giáo dục
2014
|
| Edición: | Tái bản lần thứ 2 |
| Các nhãn: |
Engadir etiqueta
Sen Etiquetas, Sexa o primeiro en etiquetar este rexistro!
|
| Thư viện lưu trữ: | Thư viện Trường Đại học Nam Cần Thơ |
|---|
| LEADER | 01441aam a22002178a 4500 | ||
|---|---|---|---|
| 001 | NCT_1794 | ||
| 008 | 140526s2014 ||||||viesd | ||
| 999 | |c 97 |d 97 | ||
| 020 | |a 9786040017666 |c 110000 | ||
| 082 | 0 | 4 | |2 23rd ed. |a 546 |b A103 |
| 100 | 1 | |a Nguyễn Duy Ái | |
| 245 | 1 | 0 | |a Một số phản ứng trong hoá học vô cơ |c Nguyễn Duy Ái |
| 250 | |a Tái bản lần thứ 2 | ||
| 260 | |a H. |b Giáo dục |c 2014 | ||
| 300 | |a 415tr. |b hình vẽ, bảng |c 27cm | ||
| 520 | 3 | |a Nội dung tài liệu trình bày sự biến đổi năng lượng của các quá trình hoá học, chiều của các phản ứng hoá học, tốc độ phản ứng hoá học và giới thiệu các loại phản ứng chính trong hoá vô cơ, phản ứng kết tủa, phản ứng axit - bazơ và phản ứng oxi hoá khử | |
| 942 | |2 ddc |c BK | ||
| 952 | |0 0 |1 0 |2 ddc |4 0 |6 546_000000000000000_A103 |7 0 |9 394 |a 000001 |b 000001 |d 2017-10-04 |o 546 A103 |p MD.00310 |r 2017-10-04 |v 110000.00 |w 2017-10-04 |y BK | ||
| 952 | |0 0 |1 0 |2 ddc |4 0 |6 546_000000000000000_A103 |7 0 |9 395 |a 000001 |b 000001 |d 2017-10-04 |o 546 A103 |p MD.00311 |r 2017-10-04 |v 110000.00 |w 2017-10-04 |y BK | ||
| 952 | |0 0 |1 0 |2 ddc |4 0 |6 546_000000000000000_A103 |7 0 |9 396 |a 000001 |b 000001 |d 2017-10-04 |l 1 |o 546 A103 |p MD.00312 |r 2017-11-29 |s 2017-11-15 |v 110000.00 |w 2017-10-04 |y BK | ||
| 980 | |a Thư viện Trường Đại học Nam Cần Thơ | ||


